Sports Quiz

Random Sports or Soccer Quiz

Premier League Team of the Week - Week 6 Quiz Stats

 Plays Quiz not verified by Sporcle

Score 0/11 Timer 05:00
0 Plays Today
% Correct
Kevin De Bruyne
98.1%
Roberto Firmino
98.1%
Pierre-Emerick Aubameyang
98.1%
Bernardo Silva
96.2%
Nathan Aké
95.2%
Adrián
94.3%
James Maddison
93.3%
Mark Noble
90.5%
Ricardo Pereira
82.9%
Fabian Schär
82.9%
Chris Basham
24.8%

You're not logged in!

Compare scores with friends on all Sporcle quizzes.
OR
Log In

Sporcle TV

Today on Sporcle TV


Watch our educational content, quiz creation guides, and fun videos on Sporcle TV.

Show Comments

Extras

Top Quizzes Today


Score Distribution

Your Account Isn't Verified!

In order to create a playlist on Sporcle, you need to verify the email address you used during registration. Go to your Sporcle Settings to finish the process.

Report this User

Report this user for behavior that violates our Community Guidelines.

Details: